Sports Quiz

Random Sports or Soccer Quiz

Everton - oldest and youngest Quiz Stats

 Plays Quiz not verified by Sporcle

Score 0/24 Timer 06:00
0 Plays Today
Player % Correct
Wayne Rooney
93.5%
James Vaughan
75.1%
Neville Southall
74.7%
David Weir
68.8%
Ross Barkley
66.3%
Nigel Martyn
60.4%
Phil Neville
58.9%
Richard Gough
58.8%
Dave Watson
58.7%
Jose Baxter
55.5%
Alan Stubbs
54.8%
Francis Jeffers
50%
Player % Correct
Jack Rodwell
49%
Victor Anichebe
47%
Sylvain Distin
45.6%
David Ginola
41.2%
Mark Hughes
38.8%
Paul Gascoigne
38.7%
Michael Ball
37.5%
Danny Cadamarteri
37%
Michael Branch
31.9%
Kevin Campbell
31.3%
Richard Dunne
21.6%
John Oster
14.2%

You're not logged in!

Compare scores with friends on all Sporcle quizzes.
Join for Free
OR
Log In

Show Comments

Extras

Top Quizzes Today


Score Distribution

Your Account Isn't Verified!

In order to create a playlist on Sporcle, you need to verify the email address you used during registration. Go to your Sporcle Settings to finish the process.

Report this User

Report this user for behavior that violates our Community Guidelines.

Details: